Agricultural marketing and price analysis/
Saved in:
| Other Authors: | , , |
|---|---|
| Format: | Book |
| Published: |
Long Grove, Illinois:
Waveland Press.,
c2022
|
| Edition: | 2nd.ed. |
| Subjects: | |
| Tags: |
Add Tag
No Tags, Be the first to tag this record!
|
MARC
| LEADER | 00000nam a2200000 4500 | ||
|---|---|---|---|
| 005 | 20250710143518.0 | ||
| 020 | |a 9781478646907 |c TZs.354,751/= | ||
| 040 | |a MUL |b eng. |e AACR2 | ||
| 082 | |a 338.13 AGR | ||
| 245 | |a Agricultural marketing and price analysis/ |c F. Bailey Norwood...[et.al.] | ||
| 250 | |a 2nd.ed. | ||
| 260 | |a Long Grove, Illinois: |b Waveland Press., |c c2022 | ||
| 300 | |a xii, 445 p.: |b ill.; |c 24 cm | ||
| 504 | |a Includes references and index | ||
| 505 | |a Part I. Welcome to economics and price analysis 1. About economics 2. Basic price analysis: supply and demand 3. Advanced price analysis: mastering supply and demand Part II. Understanding agricultural prices and markets 4. Agricultural prices 5. The food marketing channel 6. Empirical agricultural price analysis 7. International trade in agriculture Part III. Agribusiness marketing strategies 8. Managing price through future markets 9. Forecasting for supply chain management 10. Quantitative forecasting tools 11. Strategic price setting 12. Pricing schemes 13. Consumer behavior and research Summary Appendix A | ||
| 546 | |a eng. | ||
| 650 | |a Farm Produce |v Marketing | ||
| 650 | |a Agricultural Prices | ||
| 650 | |a Produce Trade | ||
| 700 | |a Lusk, Jayson L. | ||
| 700 | |a Peel, Derrell S. | ||
| 700 | |a Riley, John M. | ||
| 942 | |c BK | ||
| 999 | |c 11058 |d 11058 | ||